000 00739nam a2200241 a 4500
001 78278
003 BD-RjUL
005 20211209083119.0
008 010921s1964 ilu b 000 0beng
035 _a(BD-RjUL)78504
040 _aLC
_beng
_cLC
_dNMQU
_dBD-RjUL
041 _aeng
082 0 4 _a335.4345
_223
_bCOC 1964
100 1 _aCohen, Arthur A.
_q(Arthur Allen),
_d1928-1986.
_9247318
245 1 4 _aThe communism of Mao Tse-tung /
_cArthur A. Cohen.
260 _aChicago :
_bUniversity of Chicago Press,
_c1964.
300 _a210 p. ;
_c23 cm.
504 _aIncludes Bibliographical footnotes.
600 1 0 _aMao, Zedong,
_d1893-1976.
_9247326
650 0 _aCommunism
_zChina.
_9247320
942 _2ddc
_cBK
999 _c78278
_d78278